El reino del hombre : (Registro nro. 57665)
[ vista simple ]
| 000 -LEADER | |
|---|---|
| fixed length control field | 01452cam a2200373 i 4500 |
| 001 - CONTROL NUMBER | |
| control field | 57665 |
| 003 - CONTROL NUMBER IDENTIFIER | |
| control field | Mx-PuUPA |
| 005 - DATE AND TIME OF LATEST TRANSACTION | |
| control field | 20250422121420.0 |
| 008 - FIXED-LENGTH DATA ELEMENTS--GENERAL INFORMATION | |
| fixed length control field | 140415s2016 sp gr 000 0 spa d |
| 017 ## - COPYRIGHT OR LEGAL DEPOSIT NUMBER | |
| Copyright or legal deposit number | M-41862-2016 |
| 020 ## - INTERNATIONAL STANDARD BOOK NUMBER | |
| International Standard Book Number | 9788490551615 |
| 040 ## - CATALOGING SOURCE | |
| Original cataloging agency | Mx-PuUPA |
| Language of cataloging | spa |
| Transcribing agency | Mx-PuUPA |
| Modifying agency | Mx-PuUPA |
| Description conventions | rda |
| 041 1# - LANGUAGE CODE | |
| Language code of text/sound track or separate title | spa |
| Language code of original | fre |
| 100 1# - MAIN ENTRY--PERSONAL NAME | |
| Personal name | Brague, Rémi, |
| Dates associated with a name | 1947- |
| Relator term | autor |
| 9 (RLIN) | 16967 |
| 240 13 - UNIFORM TITLE | |
| Uniform title | Le règne de I´homme. Genèse et échec du projet moderne. |
| Language of a work | Español |
| 245 13 - TITLE STATEMENT | |
| Title | El reino del hombre : |
| Remainder of title | génesis y fracaso del proyecto moderno / |
| Statement of responsibility, etc. | Rémi Brague ; traducción de José Antonio Millán Alba |
| 264 #1 - PRODUCTION, PUBLICATION, DISTRIBUTION, MANUFACTURE, AND COPYRIGHT NOTICE | |
| Place of production, publication, distribution, manufacture | Madrid : |
| Name of producer, publisher, distributor, manufacturer | Ediciones Encuentro, |
| Date of production, publication, distribution, manufacture, or copyright notice | 2016 |
| 300 ## - PHYSICAL DESCRIPTION | |
| Extent | 399 páginas ; |
| Dimensions | 23 cm |
| 336 ## - CONTENT TYPE | |
| Fuente | rdacontent |
| Content type term | texto |
| Content type code | txt |
| 337 ## - MEDIA TYPE | |
| Source | rdamedia |
| Media type term | sin medio |
| Media type code | n |
| 338 ## - CARRIER TYPE | |
| Source | rdacarrier |
| Carrier type term | volumen |
| Carrier type code | nc |
| 490 0# - SERIES STATEMENT | |
| Series statement | Colección Nuevo Ensayo ; |
| Volume/sequential designation | 14 |
| 650 #7 - SUBJECT ADDED ENTRY--TOPICAL TERM | |
| Source of heading or term | armarc |
| Topical term or geographic name entry element | Antropología filosófica |
| 650 #7 - SUBJECT ADDED ENTRY--TOPICAL TERM | |
| Source of heading or term | armarc |
| Topical term or geographic name entry element | Humanismo (Filosofía) |
| 650 #7 - SUBJECT ADDED ENTRY--TOPICAL TERM | |
| Source of heading or term | armarc |
| Topical term or geographic name entry element | Filosofía moderna |
| 650 #7 - SUBJECT ADDED ENTRY--TOPICAL TERM | |
| Source of heading or term | armarc |
| Topical term or geographic name entry element | Iglesia Católica |
| General subdivision | Doctrinas |
| 700 1# - ADDED ENTRY--PERSONAL NAME | |
| Personal name | Millán Alba, José Antonio, |
| Relator term | traductor |
| 765 0# - ORIGINAL LANGUAGE ENTRY | |
| Main entry heading | Brague, Rémi, 1947- |
| Place, publisher, and date of publication | París : Editions Gallimard, 2015 |
| Title | Le règne de I´homme. Genèse et échec du projet moderne. |
| 942 ## - ADDED ENTRY ELEMENTS (KOHA) | |
| Source of classification or shelving scheme | Dewey Decimal Classification |
| Koha item type | Libro |
| Classification part | 128 |
| Item part | B7418 |
| Withdrawn status | Lost status | Source of classification or shelving scheme | Damaged status | Not for loan | Collection code | Home library | Current library | Shelving location | Date acquired | Source of acquisition | Total Checkouts | Total Renewals | Full call number | Barcode | Checked out | Date last seen | Date last checked out | Copy number | Price effective from | Koha item type |
|---|---|---|---|---|---|---|---|---|---|---|---|---|---|---|---|---|---|---|---|---|
| Dewey Decimal Classification | Magisterial | Biblioteca Karol Wojtyla | Biblioteca Karol Wojtyla | Sala general | 03/12/2013 | Compra | 1 | 1 | 128 B7418 2016 | 61967 | 17/02/2027 | 22/10/2025 | 22/10/2025 | Ej.2 | 03/12/2013 | Magisterial | ||||
| Dewey Decimal Classification | General | Biblioteca Karol Wojtyla | Biblioteca Karol Wojtyla | Sala general | 03/12/2013 | Donación | 128 B7418 2016 | 48861 | 05/01/2026 | 03/12/2013 | Libro | |||||||||
| Dewey Decimal Classification | Consulta en sala | Magisterial | Biblioteca Karol Wojtyla | Biblioteca Karol Wojtyla | Sala general | 03/12/2013 | 1 | 128 B7418 2016 | 63773 | 19/01/2026 | 25/11/2025 | Ej.3 | 03/12/2013 | Magisterial |